Inline/Online Fundamentals of the Internet and the World Wide Web (Record no. 3616)
[ view plain ]
| 000 -LEADER | |
|---|---|
| fixed length control field | 00378nam a2200145Ia 4500 |
| 008 - FIXED-LENGTH DATA ELEMENTS--GENERAL INFORMATION | |
| fixed length control field | 191201s2009 xx 000 0 und d |
| 082 ## - DEWEY DECIMAL CLASSIFICATION NUMBER | |
| Classification number | 004.678 |
| Item number | GRI |
| 100 ## - MAIN ENTRY--PERSONAL NAME | |
| Personal name | GREENLAW, Raymond |
| 245 #0 - TITLE STATEMENT | |
| Title | Inline/Online Fundamentals of the Internet and the World Wide Web |
| 250 ## - EDITION STATEMENT | |
| Edition statement | Rep. |
| 260 ## - PUBLICATION, DISTRIBUTION, ETC. (IMPRINT) | |
| Place of publication, distribution, etc | N.Delhi |
| Name of publisher, distributor, etc | TMH |
| Date of publication, distribution, etc | 2009 |
| 300 ## - PHYSICAL DESCRIPTION | |
| Extent | 696 |
| 650 ## - SUBJECT ADDED ENTRY--TOPICAL TERM | |
| Topical term or geographic name as entry element | B.Tech(IT) |
| 942 ## - ADDED ENTRY ELEMENTS (KOHA) | |
| Source of classification or shelving scheme | Dewey Decimal Classification |
| Koha item type | Text Books |
| Withdrawn status | Lost status | Source of classification or shelving scheme | Damaged status | Not for loan | Collection code | Home library | Current library | Date acquired | Source of acquisition | Cost, normal purchase price | Bill Number | Total Checkouts | Full call number | Acc. no. / Barcode | Date last seen | Date last borrowed | Bill Date | Koha item type | Checked out |
|---|---|---|---|---|---|---|---|---|---|---|---|---|---|---|---|---|---|---|---|
| Dewey Decimal Classification | B.Tech(IT) | PIET C-LIBRARY | PIET C-LIBRARY | 08/11/2008 | J B C, New Delhi | 325.00 | SI-4276 | 1 | 004.678 GRI | 10137 | 18/02/2020 | 05/02/2020 | 27/10/2008 | Text Books | |||||
| Dewey Decimal Classification | B.Tech(IT) | PIET C-LIBRARY | PIET C-LIBRARY | 08/11/2008 | J B C, New Delhi | 325.00 | SI-4276 | 1 | 004.678 GRI | 10138 | 25/03/2022 | 11/03/2022 | 27/10/2008 | Text Books | |||||
| Dewey Decimal Classification | B.Tech(IT) | PIET C-LIBRARY | PIET C-LIBRARY | 08/11/2008 | J B C, New Delhi | 325.00 | SI-4276 | 3 | 004.678 GRI | 10139 | 25/06/2022 | 09/06/2022 | 27/10/2008 | Text Books | |||||
| Dewey Decimal Classification | B.Tech(IT) | PIET C-LIBRARY | PIET C-LIBRARY | 08/11/2008 | J B C, New Delhi | 325.00 | SI-4276 | 4 | 004.678 GRI | 10140 | 29/11/2022 | 17/11/2022 | 27/10/2008 | Text Books | |||||
| Dewey Decimal Classification | B.Tech(IT) | PIET C-LIBRARY | PIET C-LIBRARY | 08/11/2008 | J B C, New Delhi | 325.00 | SI-4276 | 3 | 004.678 GRI | 10141 | 25/03/2025 | 11/03/2025 | 27/10/2008 | Text Books | |||||
| Dewey Decimal Classification | B.Tech(IT) | PIET C-LIBRARY | PIET C-LIBRARY | 08/11/2008 | J B C, New Delhi | 325.00 | SI-4276 | 004.678 GRI | 10142 | 04/12/2019 | 27/10/2008 | Text Books | |||||||
| Dewey Decimal Classification | B.Tech(IT) | PIET C-LIBRARY | PIET C-LIBRARY | 08/11/2008 | J B C, New Delhi | 325.00 | SI-4276 | 7 | 004.678 GRI | 10143 | 07/06/2023 | 26/05/2023 | 27/10/2008 | Text Books | |||||
| Dewey Decimal Classification | B.Tech(IT) | PIET C-LIBRARY | PIET C-LIBRARY | 08/11/2008 | J B C, New Delhi | 325.00 | SI-4276 | 3 | 004.678 GRI | 10144 | 16/06/2023 | 13/06/2023 | 27/10/2008 | Text Books | |||||
| Dewey Decimal Classification | B.Tech(IT) | PIET C-LIBRARY | PIET C-LIBRARY | 08/11/2008 | J B C, New Delhi | 325.00 | SI-4276 | 1 | 004.678 GRI | 10145 | 13/05/2022 | 20/04/2022 | 27/10/2008 | Text Books | |||||
| Dewey Decimal Classification | B.Tech(IT) | PIET C-LIBRARY | PIET C-LIBRARY | 08/11/2008 | J B C, New Delhi | 325.00 | SI-4276 | 1 | 004.678 GRI | 10146 | 22/10/2020 | 22/10/2020 | 27/10/2008 | Text Books | 05/11/2020 |